Glee Trivia - Statistics

General Stats
  • This quiz has been taken 6,568 times
  • The average score is 20 of 30
Answer Stats
Hint Answer % Correct
Kurt's Father's name Burt
95%
Tina's ex-boyfriend Mike Chang or Artie Abrams
91%
Color of chairs in choir room Red
90%
Who does Rachel get engaged to Finn Hudson
88%
Will's ex-wife Terri
88%
Taker of Finn's virginity Santana Lopez
87%
McKinley Cheerleading team Cheerios
86%
Daughter of Quinn and Puck Beth
85%
Drink commonly thrown in the faces of glee club members Slushies
83%
Season where the New Directions win Nationals Third
83%
Principal's last name Figgins
80%
Rachel and Kurt's school NYADA
79%
New Directions rival Vocal Adrenaline or Dalton Warblers
78%
Rachel's idol Barbra Streisand
77%
Football coach Coach Beiste or Ken Tanaka
76%
Musical that a whole episode has been devoted to Grease or The Rocky Horror Picture Show
75%
Song that Kurt purposely messes up on Defying Gravity
70%
Irish exchange student Rory Flanagan
68%
Actor who plays Sam Evans Chord Overstreet
65%
Former bully that attempts suicide Dave Karofsky
65%
Character played by Idina Menzel Shelby Corcoran
56%
Where Santana hails from Lima Heights
55%
Brittany's cat Lord Tubbington
55%
Separate glee club featuring Mercedes, Santana, Brittany and Sugar The Troubletones
54%
Actor who played Carl the Dentist John Stamos
50%
Gay sharks Dolphins
48%
Sue's daughter's name Robyn
39%
Hellish dance teacher Cassandra July
27%
Song Sugar sings for glee club audition Hey, Big Spender
26%
McKinley High School's team name Titans
26%
No matching quizzes found
Score Distribution
Percent of People with Each Score
Percentile by Number Answered
Your Score History
You have not taken this quiz